000 01862nam0a2200361 4500
001 RU\NLR\BIBL_A\012798496
005 20220907095236.0
010 _a978-5-0056-0086-8
021 _aRU
_bКН-П-22-009335
_9КН-П-22-0766
035 _a(NLR Aleph) 012798496
035 _a(RuMoRGB)010980608
090 _a13175386
_c13175386
100 _a20220525d2022 u y0rusy50 ca
101 0 _arus
102 _aRU
105 _aa z 000gy
181 0 _ai
_baxxe
182 0 _an
200 1 _aТочка равноденствия
_e[сборник стихов]
_fЛена Фанилевна Гордейчук
_g[иллюстратор: Жанна Вячеславовна Андреева]
203 _aТекст
_bвизуальный
_cнепосредственный
210 _a[Б. м.]
_cИздательские решения
_d2022
215 _a29, [2] с.
_cил.
_d20
330 _aПроходя свой земной путь, мы учимся чувствовать и выражать себя эмоционально. Мы ощущаем внутреннюю силу и одновременно испытываем страх. И всегда подсознательно ищем то место внутри себя, ту точку равноденствия, в которой не существует ничего, кроме Истины
333 _a12+
675 _a821.161.1-1
_v4
686 2 _aШ6(2=Р)8-5
700 1 _aГордейчук
_bЛ. Ф.
_gЛена Фанилевна
_9245960
_3RU\NLR\AUTH\770246016
702 1 _4440
_7ca
_8rus
_aАндреева
_bЖ. В.
_cхудожник
_gЖанна Вячеславовна
_9195975
_3RU\NLR\AUTH\770196026
942 _cBOOK
980 _aNB